Southville International School and Colleges
Your cart is empty.
  • Cart
  • Lists
    Public lists Eva Luna New books Lux_list list_1
    Your lists Log in to create your own lists
  • Log in to your account
  • Your cookies
  • Search history
Southville International School and Colleges
  • Advanced search
  • Recent comments
  • Most popular
  • Libraries

Log in to your account

Log in with GOOGLE


If you do not have an external account, but do have a local account, you can still log in:

  1. Home
  2. MARC view: Zuo shou dao ying, you shou nian hua /
Normal view MARC view ISBD view

Zuo shou dao ying, you shou nian hua / (Record no. 11445)

[ view plain ]
MARC details
000 -LEADER
fixed length control field 00513nam a22001937a 4500
003 - CONTROL NUMBER IDENTIFIER
control field PILC
005 - DATE AND TIME OF LATEST TRANSACTION
control field 20160129110126.0
008 - FIXED-LENGTH DATA ELEMENTS--GENERAL INFORMATION
fixed length control field 121115t xxu||||| |||| 00| 0 eng d
020 ## - INTERNATIONAL STANDARD BOOK NUMBER
International Standard Book Number 9787532734160
050 ## - LIBRARY OF CONGRESS CALL NUMBER
Classification number PL 2860
Item number .J61 2003
082 ## - DEWEY DECIMAL CLASSIFICATION NUMBER
Classification number FIC
Item number J56z 2003
100 ## - MAIN ENTRY--PERSONAL NAME
Personal name Jingming, Guo
9 (RLIN) 20266
245 ## - TITLE STATEMENT
Title Zuo shou dao ying, you shou nian hua /
Statement of responsibility, etc Guo Jingming
260 ## - PUBLICATION, DISTRIBUTION, ETC. (IMPRINT)
Place of publication, distribution, etc China :
Name of publisher, distributor, etc Ewen,
Date of publication, distribution, etc c2003.
300 ## - PHYSICAL DESCRIPTION
Extent 217 p. :
Other physical details ill. ;
Dimensions 20 cm
650 ## - SUBJECT ADDED ENTRY--TOPICAL TERM
Topical term or geographic name as entry element Fiction.
9 (RLIN) 746
942 ## - ADDED ENTRY ELEMENTS (KOHA)
Source of classification or shelving scheme Library of Congress Classification
Koha item type Books
Holdings
Withdrawn status Lost status Source of classification or shelving scheme Damaged status Home library Current library Shelving location Date acquired Source of acquisition Total Checkouts Total Renewals Full call number Barcode Date last seen Date checked out Copy number Price effective from Koha item type
    Library of Congress Classification   Luxembourg Library Luxembourg Library Fiction Section 09/17/2013 Donation 6 3 PL 2860 .J61 2003 14848 09/14/2023 09/14/2023 1 09/17/2013 Books

Zuo shou dao ying, you shou nian hua /

APA

Jingming G., . (2003). Zuo shou dao ying, you shou nian hua. China: Ewen.

Chicago

Jingming Guo, . 2003. Zuo shou dao ying, you shou nian hua. China: Ewen.

Harvard

Jingming G., . (2003). Zuo shou dao ying, you shou nian hua. China: Ewen.

MLA

Jingming Guo, . Zuo shou dao ying, you shou nian hua. China: Ewen. 2003.

  • Place hold
  • Print
  • Cite
  • Add to your cart (remove)
  • Save record
    BIBTEX Dublin Core MARCXML MARC (non-Unicode/MARC-8) MARC (Unicode/UTF-8) MARC (Unicode/UTF-8, Standard) MODS (XML) RIS
  • More searches
    Search for this title in:
    Other Libraries (WorldCat) Other Databases (Google Scholar) Online Stores (Bookfinder.com) Open Library (openlibrary.org)

Exporting to Dublin Core...

SOUTHVILLE LIBRARY

Southville International School and Colleges Library

1281 Tropical Ave. Cor. Luxembourg St., BF Homes International, Las Pinas City

Tel. No. 8256374 / 252358 Loc. 117/146

Powered by Koha